000 00345nam a2200157Ia 4500
008 240830s1911 xx 000 0 und d
041 _asan
082 _a1
100 _aMISHRA
245 _aRASAHRADARA TANTRA
250 _a1
260 _aSANGALI
_bN.D.
_c1911
300 _a100p
906 _aRASAHRIDAYA TANTRA
999 _c1183921
_d1183921